Statistics for Ten Capital Cities Longitudinally and Latitudinally Closest to Me

Click here to take the quiz!

General Stats

  • This quiz has been taken 22 times
  • The average score is 15 of 21

Answer Stats

HintLatitudinally% Correct
2ndParis
100%
5thBern
89%
6thBrussels
89%
4thBrussels
89%
9thLondon
89%
.Luxembourg, Luxembourg
89%
2ndAmsterdam
84%
1stPrague
79%
5thVienna
79%
8thAlgiers
68%
10thBudapest
68%
3rdKiev
68%
6thBratislava
63%
4thMonaco
63%
8thUlaanbaatar
63%
7thNur-Sultan
58%
10thVaduz
58%
3rdAbuja
53%
1stSão Tomé
47%
7thMalabo
37%
9thLibreville
32%

Score Distribution

Percentile by Number Answered

Percent of People with Each Score

Your Score History

You have not taken this quiz